| 000 | 00779nam a2200265Ia 4500 | ||
|---|---|---|---|
| 003 | OSt | ||
| 005 | 20220925223401.0 | ||
| 006 | a|||||r|||| 00| 0 | ||
| 007 | ta | ||
| 008 | 220923b |||||||| |||| 00| 0 eng d | ||
| 020 | _a0415353998 | ||
| 037 | _cGeneral Book | ||
| 040 |
_aRTL _cRTL _beng |
||
| 041 |
_2eng _aeng |
||
| 082 | _aX61.1,h, P6 | ||
| 100 |
_aPaloni Alberto _9289514 |
||
| 245 | 0 | _aIMF, World Bank and policy reform | |
| 260 |
_aLondon _bRoutledge _c2006 |
||
| 300 |
_axvii,328p _ccm. |
||
| 490 | _aRoutledge Studies in Development Economics | ||
| 500 | _aBibliography chapterwise | ||
| 700 |
_a Zanardi Maurizio Ed. _9289515 |
||
| 942 |
_hX61.1,h, P6 _cGB _2CC |
||
| 999 |
_c579371 _d579371 |
||